[Event "AUTO-INT-3957"]
[Site "http://www.queenalice.com/game.php?id=1868122"]
[Date "2026.1.17"]
[Round "1"]
[White "jenyasm"]
[Black "Magnaroc"]
[Result "1/2-1/2"]
[WhiteElo "1585"]
[BlackElo "1913"]

1. e4 e5 2. Nf3 Nc6 3. d3 Nf6 4. a3 a5 5. Bd2 d5 6. exd5 Nxd5 7. Bc3 Bd6 8. g3
Bg4 9. Bg2 O-O 10. O-O Nxc3 11. bxc3 e4 12. dxe4 Ne5 13. Nbd2 Qe7 14. Qe1 Nxf3+
15. Nxf3 Bxa3 16. Nd4 Bc5 17. Rb1 c6 18. Qe3 Rfe8 19. Rfe1 Bxd4 20. cxd4 Bc8 21.
e5 Be6 22. c3 Red8 23. Qf4 Bd5 24. Bxd5 Rxd5 25. Rbc1 a4 26. Ra1 Rda5 27. Qd2 b5
28. Reb1 f6 29. exf6 Qxf6 30. Qe3 R5a7 31. Rb2 Re7 32. Qd2 Rae8 33. Qd3 Re1+ 34.
Rxe1 Rxe1+ 35. Kg2 Re6 36. Ra2 Qg6 37. Qxg6 Rxg6 38. Ra3 Re6 39. h4 h5 40. Ra2
g6 41. Ra3 Re2 42. Kf3 Re6 43. Kg2 1/2-1/2

[Event "AUTO-INT-3957"]
[Site "http://www.queenalice.com/game.php?id=1868123"]
[Date "2026.1.17"]
[Round "1"]
[White "Magnaroc"]
[Black "jenyasm"]
[Result "0-1"]
[WhiteElo "1623"]
[BlackElo "1633"]

1. e4 e5 2. Nf3 Nc6 3. d4 exd4 4. Nxd4 d6 5. Bb5 Bd7 6. O-O a6 7. Bxc6 Bxc6 8.
Nc3 Nf6 9. Bg5 Be7 10. Nxc6 bxc6 11. Re1 h6 12. Bf4 O-O 13. e5 Nd7 14. exd6 Bxd6
15. Bxd6 cxd6 16. Qxd6 Qc8 17. Rad1 Nf6 18. Qg3 Qb8 19. Qxb8 Raxb8 20. b3 Rbd8
21. Rxd8 Rxd8 22. Nb1 c5 23. f3 a5 24. Kf1 Rc8 25. Re7 c4 26. Nd2 cxb3 27. cxb3
Ra8 28. Nc4 Nd5 29. Re5 Nc3 30. a4 Rb8 31. Nxa5 Na2 32. Re2 Nc3 33. Rc2 Nd5 34.
Rc5 Ne3+ 35. Kf2 Re8 36. Nc6 Nd1+ 37. Kf1 Ne3+ 38. Kf2 Nd1+ 39. Kg3 g5 40. Rd5
Nc3 41. Rd8 Rxd8 42. Nxd8 Na2 43. a5 Nb4 44. Kg4 Kg7 45. Nb7 Kg6 46. Nc5 Nc6 47.
a6 Na7 48. b4 Kf6 49. h4 gxh4 50. Kxh4 Kg6 51. g4 f6 0-1

[Event "AUTO-INT-3958"]
[Site "http://www.queenalice.com/game.php?id=1868421"]
[Date "2026.1.25"]
[Round "1"]
[White "jenyasm"]
[Black "Jsc"]
[Result "0-1"]
[WhiteElo "1640"]
[BlackElo "1581"]

1. e4 e6 2. d4 d5 3. e5 c5 4. c3 Nc6 5. Nf3 Qb6 6. g3 Bd7 7. Bg2 cxd4 8. cxd4
Nge7 9. b3 Nf5 10. Bb2 Bb4+ 11. Nbd2 Nfxd4 12. Nxd4 Nxd4 13. O-O Nc6 14. Nf3 O-O
15. a3 Be7 16. b4 a5 17. Bd4 Qb5 18. bxa5 Qxa5 19. Bb2 Qc7 20. Re1 Bc5 21. Re2
b6 22. Qc2 Rfc8 23. Ng5 g6 24. h4 Na5 25. h5 Bxf2+ 26. Rxf2 Qxc2 27. Rxc2 Rxc2
28. Rb1 Nc4 29. Bc1 Nxe5 30. hxg6 hxg6 31. Bf4 Nc4 32. Ra1 Rxa3 33. Rxa3 Nxa3
34. Kh2 b5 35. Bd6 Nc4 36. Nf3 Nxd6 0-1

[Event "AUTO-INT-3962"]
[Site "http://www.queenalice.com/game.php?id=1870270"]
[Date "2026.3.9"]
[Round "1"]
[White "jenyasm"]
[Black "EduardoRo"]
[Result "0-1"]
[WhiteElo "1674"]
[BlackElo "1301"]

1. e4 e5 2. Nf3 Nc6 3. a3 Bc5 4. d3 Nf6 5. h3 O-O 6. g3 d6 7. Bg2 Be6 8. Nh4 d5
9. exd5 Bxd5 10. Bxd5 Nxd5 11. O-O Qd7 12. Kg2 Nce7 13. Nf3 Qf5 14. Nbd2 Qg6 15.
Nxe5 Nf4+ 16. Kh1 Qf5 17. g4 Qxe5 18. Nf3 Qf6 19. Qe1 Nxh3 20. Qe5 Qxf3+ 0-1